Statistics for Hiragana Practice - With Images

Click here to take the quiz!

General Stats

  • This quiz has been taken 188 times
  • The average score is 42 of 46

Answer Stats

Answer% Correct
A
99%
Ko
99%
Ku
99%
Ka
98%
Ki
98%
E
97%
I
97%
O
97%
Shi
97%
Ke
96%
Sa
96%
Se
96%
So
96%
Su
96%
U
96%
No
94%
Chi
93%
Ta
93%
To
93%
Fu
91%
Na
91%
Ne
91%
Ni
91%
Nu
91%
Te
91%
Tsu
91%
Ma
90%
He
89%
Ha
88%
Hi
88%
Ho
88%
Me
88%
Mu
88%
Ya
88%
Mi
87%
Mo
87%
N
85%
Ri
85%
Ro
85%
Ru
85%
Yo
85%
Ra
84%
Yu
84%
Re
80%
Wa
79%
Wo
78%

Score Distribution

Percentile by Number Answered

Percent of People with Each Score

Your Score History

You have not taken this quiz